00433nam a2200097 a 450000500170000000800410001704100080005824501900006626000690025630000100032520140127100526.0140127b2005 ck ||||| |||| 00| 0 spa d aspa aMantenimiento, acompañamiento y seguimiento de las HMP establecidas en ventana ganadera de la Cuenca Media del Río Chambery, municipios de Aranzazu y Salamina, Caldasbinforme final aCalibFundación PANGEAbInstituto Alexander von Humboldtc2005 a40 p.